Generácia mileniánov – výzva pre akademickú knižnicu

Prehľad generácií: baby boomers, generácia X, generácia Y, generácia Z. Špecifické postavenie mileniánov (generácia prelomu tisícročí) a ich charakteristika. Možnosti redizajnu poskytovaných služieb, prostredia a komunikácie v súlade s potrebami mileniánov v akademickej knižnici na Slovensku - prípa...

Descrizione completa

Salvato in:
Dettagli Bibliografici
Autore principale: Kmeťová, Jitka
Natura: Capitolo di libro
Lingua:slovacco
Soggetti:
Tags: Aggiungi Tag
Nessun Tag, puoi essere il primo ad aggiungerne!!

MARC

LEADER 00000nla a2200000 4500
001 0238437
005 20240502073846.3
041 0 |a slo 
044 |a SK 
245 1 0 |a Generácia mileniánov – výzva pre akademickú knižnicu  |c Jitka Kmeťová 
520 |a Prehľad generácií: baby boomers, generácia X, generácia Y, generácia Z. Špecifické postavenie mileniánov (generácia prelomu tisícročí) a ich charakteristika. Možnosti redizajnu poskytovaných služieb, prostredia a komunikácie v súlade s potrebami mileniánov v akademickej knižnici na Slovensku - prípadová štúdia zo Slovenskej ekonomickej knižnice Ekonomickej univerzity v Bratislave. 
610 2 0 |a knižnice 
610 2 0 |a generácie 
610 2 0 |a zákazníci 
610 2 0 |a knihoveda 
610 2 0 |a knihovníctvo 
610 2 0 |a služby informačné 
610 2 0 |a služby 
610 2 0 |a internet 
610 2 0 |a zdroje informácií 
610 2 0 |a zdroje informačné elektronické 
610 2 0 |a siete sociálne 
610 2 0 |a technológie nové 
610 2 0 |a komunikácia 
610 2 0 |a marketing 
610 2 0 |a Slovensko 
610 2 0 |a štúdie prípadové 
100 1 |a Kmeťová, Jitka